|
|
|
|
| LEADER |
00000nam a2200000 a 4500 |
| 001 |
vtls009085621 |
| 003 |
SK-MaSNL |
| 005 |
20260301081147.0 |
| 008 |
240314s2007 xo l d p 000 0 slo |
| 015 |
|
|
|a SNBA2007/08-03970
|
| 020 |
|
|
|a 9788080833701
|q (brož.)
|
| 035 |
|
|
|a 58C78C91-7EED-46A1-84B3-3FD93CDC400B
|
| 035 |
|
|
|a urn:nbn:sk:snk-amkyb2
|
| 035 |
|
|
|a urn:nbn:sk:snk-am008q8k
|
| 040 |
|
|
|a SNK
|b slo
|c SNK
|e AACR2
|
| 041 |
0 |
|
|a slo
|
| 044 |
|
|
|a xo
|c SK
|
| 072 |
|
7 |
|a 368
|x Poisťovníctvo
|2 konspekt
|
| 080 |
|
|
|a 368
|2 2001
|
| 080 |
|
|
|a (075.8)
|2 2001
|
| 100 |
1 |
|
|a Košík, Oto
|4 aut
|9 6250
|
| 245 |
1 |
0 |
|a Poisťovníctvo - vybrané problémy
|c Oto Košík
|
| 250 |
|
|
|a 1. vyd.
|
| 260 |
|
|
|a Banská Bystrica
|b Univerzita Mateja Bela
|c 2007
|
| 300 |
|
|
|a 127 s.
|b sch., tab.
|c 25 cm
|
| 366 |
|
|
|e 150 výtl.
|
| 500 |
|
|
|a Vydané v spolupráci s OZ Ekonómia
|
| 504 |
|
|
|a Bibliogr. s. 126-127
|
| 650 |
0 |
7 |
|a poisťovníctvo
|2 SNKPH
|9 2517
|
| 655 |
|
7 |
|a učebnice vysokých škôl
|2 SNKPH
|9 70191
|
| 919 |
|
|
|a 978-808083-370-1
|
| 958 |
|
|
|a NB
|
| 958 |
|
|
|a OND
|
| 968 |
|
|
|d 36
|
| 999 |
|
|
|c 655127
|d 657057
|
| 952 |
|
|
|a SNK
|b SNK
|y PREZ
|7 0
|p 17A0559469
|o snkSC 128941
|i snk2007/18439
|8 0
|0 0
|1 0
|4 0
|d 2007-08-07
|f 1
|l 0
|r 2025-06-18 00:00:00
|w 2026-02-23
|
| 952 |
|
|
|a SNK
|b SNK
|y VYP
|7 0
|p 17A0559468
|o snkSC 128941 D1
|i snk2007/18440
|8 0
|0 0
|1 0
|4 0
|d 2007-08-07
|l 0
|r 2026-02-23 18:34:35
|w 2026-02-23
|